00909nam a2200277 a 4500001001300000003000900013005001700022008004100039020001800080040002800098043001200126082002600138100003500164240003500199245009800234260004300332300002900375490003100404650002800435650004100463650002500504650002500529650002500554650002800579650002400607C01526457c-2CO-ViMGA20230915233553.0160503s2015 ck gr 00011dspa d a9789585900806 aCO-ViMGAbspacCO-ViMGA as-ck---04aFrCo861.6 bM15u 2191 aMantilla Trejos, Hugo, d1939-10aArauca-Bibliografía regional13aEl último tinigua y otros poemas llaneros : bpoesía tradicional /cHugo Mantilla Trejos. aVillavicencio : bEntreletras, c2015. a133 páginas ; c21 cm.1 aEntre sueños y mastranto14aEstacionesv Poesías.14aIndígenas de Colombiav Poesías.14aMemoriav Poesías.14aNiñasv Poesías.14aPoesía colombiana.14aPolíticav Poesías.14aTiempov Poesías.